|
|
|
|
| LEADER |
00844nam a22002537a 4500 |
| 001 |
AAL8412 |
| 003 |
BD-DhAAL |
| 005 |
20170925101640.0 |
| 008 |
170925b1996 bg ||||| |||| 001 0deng d |
| 999 |
|
|
|c 38342
|d 38342
|
| 020 |
|
|
|a 9848102019
|
| 040 |
|
|
|a BD-DhAAL
|c BD-DhAAL
|
| 082 |
|
|
|a 025.1
|
| 100 |
|
|
|a Wahiduzzaman, M.
|9 22350
|
| 245 |
|
|
|a Approach to library administration /
|c M. Wahiduzzaman
|
| 250 |
|
|
|a 2nd. ed.
|
| 260 |
|
|
|a Dhaka :
|b Crane Books,
|c c1996
|
| 300 |
|
|
|a 121 p ;
|b ill. :
|c 22 cm
|
| 504 |
|
|
|6 Includes bibliography and index.
|
| 541 |
|
|
|e 8412
|
| 650 |
|
|
|a Library administration
|9 22351
|
| 852 |
|
|
|a Savar Campus Library
|c General Shelf
|
| 942 |
|
|
|2 ddc
|c BK
|
| 952 |
|
|
|0 0
|1 0
|2 ddc
|4 0
|6 025_100000000000000_WAH
|7 0
|9 61347
|a SCL
|b SCL
|c GEN
|d 2017-09-25
|e Gift : brac
|l 0
|o 025.1 WAH
|p 3020008412
|r 2017-09-25
|t 1
|w 2017-09-25
|y BK
|